书目信息 |
| 题名: |
雕塑艺术
|
|
| 作者: | 王宁宇, 著 | |
| 分册: | ||
| 出版信息: | 太原 山西教育出版社 2008 |
|
| 页数: | 287页 | |
| 开本: | 23cm | |
| 丛书名: | 艺术丛书 | |
| 单 册: | ||
| 中图分类: | J309.1-49 , J309.1 | |
| 科图分类: | ||
| 主题词: | 雕塑史--世界--青年读物 | |
| 电子资源: | ||
| ISBN: | 978-7-5440-0801-3 | |
| 000 | 00908nam 2200253 450 | |
| 001 | 2344908367 | |
| 005 | 20231214122902.61 | |
| 010 | @a978-7-5440-0801-3@dCNY47.00 | |
| 100 | @a20080613d2008 ekmy0chiy50 ea | |
| 101 | 0 | @achi |
| 102 | @aCN@b140000 | |
| 105 | @aac z 000yy | |
| 200 | 1 | @a雕塑艺术@Adiao su yi shu@f王宁宇著 |
| 210 | @a太原@c山西教育出版社@d2008 | |
| 215 | @a287页@c图 (部分彩图), 肖像@d23cm | |
| 225 | 2 | @a艺术丛书@Ayi shu cong shu@i美术系列 |
| 330 | @a本书中选收全世界优秀传世雕塑作品的图片300余幅。力图从人类雕塑艺术的根基和整体面貌出发, 从世界全局及人类文化发展的大格局与大规律着眼, 能让读者走进和亲近雕塑艺术、扩大视野、提升艺术鉴赏力。 | |
| 410 | 0 | @12001 @a艺术丛书@i美术系列 |
| 606 | 0 | @a雕塑史@y世界@j青年读物 |
| 690 | @aJ309.1-49@v5 | |
| 690 | @aJ309.1@v4 | |
| 701 | 0 | @a王宁宇,@Awang ning yu@f1945-@4著 |
| 801 | 0 | @aCN@b湖北三新@c20080613 |
| 905 | @aZUCC@dJ309.1@e2 | |
| 雕塑艺术/王宁宇著.-太原:山西教育出版社,2008 |
| 287页:图 (部分彩图), 肖像;23cm.-(艺术丛书.美术系列) |
| ISBN 978-7-5440-0801-3:CNY47.00 |
| 本书中选收全世界优秀传世雕塑作品的图片300余幅。力图从人类雕塑艺术的根基和整体面貌出发, 从世界全局及人类文化发展的大格局与大规律着眼, 能让读者走进和亲近雕塑艺术、扩大视野、提升艺术鉴赏力。 |
| ● |
| 相关链接 |
|
|
|
正题名:雕塑艺术
索取号:J309.1/2
 
预约/预借
| 序号 | 登录号 | 条形码 | 馆藏地/架位号 | 状态 | 备注 |
| 1 | 2001472332 | 2001472332 | 617书库/ [索取号:J309.1/2] | 在馆 | |
| 2 | 2001472333 | 2001472333 | 617书库/ [索取号:J309.1/2] | 在馆 | |
| 3 | 2001472334 | 2001472334 | 617书库/ [索取号:J309.1/2] | 在馆 | |
| 4 | 2001472335 | 2001472335 | 617书库/ [索取号:J309.1/2] | 在馆 | |
| 5 | 2001472336 | 2001472336 | 617书库/ [索取号:J309.1/2] | 在馆 | |
| 6 | 2001472337 | 2001472337 | 617书库/ [索取号:J309.1/2] | 在馆 | |
| 7 | 2001472338 | 2001472338 | 617书库/ [索取号:J309.1/2] | 在馆 | |
| 8 | 2001472339 | 2001472339 | 617书库/ [索取号:J309.1/2] | 在馆 | |
| 9 | 2001472340 | 2001472340 | 617书库/ [索取号:J309.1/2] | 在馆 | |
| 10 | 2001472341 | 2001472341 | 617书库/ [索取号:J309.1/2] | 在馆 | |
| 11 | 2001472342 | 2001472342 | 617书库/ [索取号:J309.1/2] | 在馆 | |
| 12 | 2001472343 | 2001472343 | 617书库/ [索取号:J309.1/2] | 在馆 | |
| 13 | 2001472344 | 2001472344 | 617书库/ [索取号:J309.1/2] | 在馆 | |
| 14 | 2001472345 | 2001472345 | 617书库/ [索取号:J309.1/2] | 在馆 | |
| 15 | 2001472346 | 2001472346 | 617书库/ [索取号:J309.1/2] | 在馆 | |
| 16 | 2001472347 | 2001472347 | 617书库/ [索取号:J309.1/2] | 在馆 | |
| 17 | 2001472348 | 2001472348 | 617书库/ [索取号:J309.1/2] | 在馆 | |
| 18 | 2001472349 | 2001472349 | 617书库/ [索取号:J309.1/2] | 在馆 | |
| 19 | 2001472350 | 2001472350 | 617书库/ [索取号:J309.1/2] | 在馆 | |
| 20 | 2001472351 | 2001472351 | 617书库/ [索取号:J309.1/2] | 在馆 | |
| 21 | 2001472352 | 2001472352 | 617书库/ [索取号:J309.1/2] | 在馆 | |
| 22 | 2001472353 | 2001472353 | 617书库/ [索取号:J309.1/2] | 在馆 | |
| 23 | 2001472354 | 2001472354 | 617书库/ [索取号:J309.1/2] | 在馆 | |
| 24 | 2001472355 | 2001472355 | 617书库/ [索取号:J309.1/2] | 在馆 | |
| 25 | 2001472356 | 2001472356 | 617书库/ [索取号:J309.1/2] | 在馆 | |
| 26 | 2001472357 | 2001472357 | 617书库/ [索取号:J309.1/2] | 在馆 | |
| 27 | 2001472358 | 2001472358 | 617书库/ [索取号:J309.1/2] | 在馆 | |
| 28 | 2001472359 | 2001472359 | 617书库/ [索取号:J309.1/2] | 在馆 | |
| 29 | 2001472360 | 2001472360 | 617书库/ [索取号:J309.1/2] | 在馆 | |
| 30 | 2001472361 | 2001472361 | 617书库/ [索取号:J309.1/2] | 在馆 |